Academician andrei dmitrievich sakharov (Record no. 7955)

MARC details
000 -LEADER
fixed length control field 00719nam a2200205Ia 4500
003 - CONTROL NUMBER IDENTIFIER
control field IN-BaIIA
008 - FIXED-LENGTH DATA ELEMENTS--GENERAL INFORMATION
fixed length control field 211028s9999 xx 000 0 eng d
020 ## - INTERNATIONAL STANDARD BOOK NUMBER
International Standard Book Number 0-8247-1714-7
040 ## - CATALOGING SOURCE
Transcribing agency IIA Library
080 ## - UNIVERSAL DECIMAL CLASSIFICATION NUMBER
Universal Decimal Classification number 92:53
Item number ACA
245 #0 - TITLE STATEMENT
Title Academician andrei dmitrievich sakharov
Remainder of title collected scientific works
Statement of responsibility, etc. edited by D. Ter Harr, D. V. Chudnovsky and G. V. Chudnovsky
260 ## - PUBLICATION, DISTRIBUTION, ETC.
Place of publication, distribution, etc. New York
Name of publisher, distributor, etc. Marcel Dekker
Date of publication, distribution, etc. 1982
300 ## - PHYSICAL DESCRIPTION
Extent xvi, 303p.
650 ## - SUBJECT ADDED ENTRY--TOPICAL TERM
Topical term or geographic name entry element A. D. Sakharov-Collected works
9 (RLIN) 13420
650 ## - SUBJECT ADDED ENTRY--TOPICAL TERM
Topical term or geographic name entry element NASA Thesaurus
700 ## - ADDED ENTRY--PERSONAL NAME
Personal name Chudnovsky, D. V., ed.
9 (RLIN) 13421
700 ## - ADDED ENTRY--PERSONAL NAME
Personal name Chudnovsky, G. V., ed.
9 (RLIN) 13422
700 ## - ADDED ENTRY--PERSONAL NAME
Personal name Ter Harr, D., ed.
9 (RLIN) 13423
942 ## - ADDED ENTRY ELEMENTS (KOHA)
Koha item type Books
952 ## - LOCATION AND ITEM INFORMATION (KOHA)
-- 33.00
Holdings
Withdrawn status Lost status Damaged status Not for loan Home library Current library Shelving location Date acquired Total Checkouts Full call number Barcode Date last seen Price effective from Koha item type
        IIA Library-Bangalore IIA Library-Bangalore General Stacks 15/10/1984   92:53/ ACA 8778 05/11/2021 15/10/1984 Books

Powered by Koha